Coast/Area Ratio Quiz Stats

 Plays Quiz not verified by Sporcle

Challenge
Share
Tweet
Embed
Score 0/20 Timer 05:00
0 Plays Today
Length of Coastline Country % Correct
58 kmIraq
74.4%
37 kmDemocratic Republic of the Congo
62.8%
853 kmSudan
61.2%
56 kmTogo
60.3%
121 kmBenin
58.7%
20 km Bosnia and Herzegovina
57%
169 kmRepublic of the Congo
56.2%
402 kmCameroon
56.2%
853 kmNigeria
55.4%
536 kmKenya
55.4%
Length of Coastline Country % Correct
998 kmAlgeria
54.5%
1,770 kmLibya
50.4%
196 kmSyria
49.6%
26 kmJordan
48.8%
1,600 kmAngola
48.8%
754 kmMauritania
47.9%
320 kmGuinea
46.3%
7,491 kmBrazil
43%
225 kmRomania
41.3%
2,640 kmSaudi Arabia
36.4%

You're not logged in!

Compare scores with friends on all Sporcle quizzes.
Join for Free
OR
Log In

You Might Also Like...

Show Comments

Extras

Top Quizzes Today


Score Distribution

Your Account Isn't Verified!

In order to create a playlist on Sporcle, you need to verify the email address you used during registration. Go to your Sporcle Settings to finish the process.

Report this User

Report this user for behavior that violates our Community Guidelines.

Details: